| 000 | 00409nam a2200157Ia 4500 | ||
|---|---|---|---|
| 003 | Ost | ||
| 005 | 20260225132543.0 | ||
| 008 | 260225s9999||||xx |||||||||||||| ||und|| | ||
| 040 | _cfsic | ||
| 041 | _afre | ||
| 082 | _a440 | ||
| 100 |
_aDR.Mohamed Benaissa Amir _eAuteur |
||
| 245 | 0 | _aContribution à l'etude de l'histoire de la santé en Algerie / | |
| 245 | 0 | _cDR.Mohamed Benaissa Amir | |
| 942 | _cكتاب | ||
| 999 |
_c33622 _d33622 |
||